000 00484nam a2200181Ia 4500
005 20250423094906.0
008 250422s9999 xx 000 0 und d
020 _a9781032425573
050 _aTJ 163.12 .B55/
100 _aBillingsley, John
245 0 _aControl Basics for Mechatronics
260 _aBoca Raton
260 _bCRC Press
260 _c2023
300 _axiii,160p.: ill.
650 _aMechatronics Automatic control Control system engineering
942 _cBK
999 _c28612
_d28612